[Event "AUTO-OPEN-4605"]
[Site "http://www.queenalice.com/game.php?id=1860512"]
[Date "2025.7.24"]
[Round "1"]
[White "josebaron"]
[Black "profeta"]
[Result "1-0"]
[WhiteElo "2199"]
[BlackElo "1676"]

1. e4 e5 2. Nf3 Nc6 3. Bb5 a6 4. Bxc6 dxc6 5. O-O Nf6 6. d3 Bg4 7. h3 Bxf3 8.
Qxf3 h6 9. Nc3 b5 10. a3 b4 11. axb4 Bxb4 12. Ne2 O-O 13. c3 Bc5 14. Be3 Bxe3
15. Qxe3 Rb8 16. b4 Nh5 17. Rxa6 Qg5 18. Qxg5 hxg5 19. Rxc6 Nf4 20. Nxf4 exf4
21. f3 f5 22. e5 g4 23. hxg4 fxg4 24. fxg4 g5 25. Rg6+ Kh7 26. Rxg5 Rbd8 27. d4
Kh6 28. Rf5 Kg6 29. R1xf4 Rxf5 30. gxf5+ Kg5 31. g3 Ra8 32. f6 Ra1+ 33. Rf1 Ra3
34. Rf3 Ra1+ 35. Kg2 Ra2+ 36. Kh3 Ra1 37. f7 Rh1+ 38. Kg2 Ra1 39. f8=Q Ra2+ 40.
Rf2 Rxf2+ 41. Kxf2 c5 42. bxc5 Kg4 43. c6 Kg5 44. c7 Kg4 45. c8=Q+ Kg5 46. Qf6+
Kh5 47. g4# 1-0

[Event "AUTO-ADV-4857"]
[Site "http://www.queenalice.com/game.php?id=1860552"]
[Date "2025.7.25"]
[Round "2"]
[White "profeta"]
[Black "chessman"]
[Result "0-1"]
[WhiteElo "1696"]
[BlackElo "2020"]

1. e4 e6 2. d4 d5 3. e5 c5 4. dxc5 Bxc5 5. Nc3 Ne7 6. Nf3 Ng6 7. Bb5+ Bd7 8. Bg5
Be7 9. Bxd7+ Qxd7 10. Bxe7 Qxe7 11. O-O O-O 12. g3 Nc6 13. a3 a6 14. b4 Ncxe5
15. Nxe5 Nxe5 16. Re1 Qf6 17. Kg2 Rac8 18. Na4 Nc4 19. Nc5 Rc7 20. Nd3 Rfc8 21.
Qf3 Qxf3+ 22. Kxf3 Nd2+ 23. Kg2 Rxc2 24. Rac1 Rxc1 25. Nxc1 Nb1 26. Nd3 Nxa3 27.
Ne5 f6 28. Nd7 e5 29. Rd1 d4 30. Nb6 Rc6 31. Nd7 Kf7 32. Nc5 Rc7 33. Rd3 Nb5 34.
f4 a5 35. bxa5 Rxc5 36. fxe5 fxe5 37. Rf3+ Kg8 38. h4 e4 39. Rf4 Nc3 40. Rf1 e3
41. Rf4 d3 42. Rd4 Rd5 43. Rc4 d2 44. Rc8+ Kf7 45. Rc7+ Kf6 46. Rxc3 d1=Q 47.
Rxe3 Rxa5 48. Re4 Ra2+ 49. Kh3 Qh1+ 50. Kg4 Qxe4+ 51. Kh3 Qf5+ 52. g4 Qf3# 0-1

[Event "AUTO-ADV-4857"]
[Site "http://www.queenalice.com/game.php?id=1860553"]
[Date "2025.7.25"]
[Round "2"]
[White "chessman"]
[Black "profeta"]
[Result "1-0"]
[WhiteElo "2003"]
[BlackElo "1689"]

1. e4 e5 2. Nf3 Nc6 3. Bc4 Nf6 4. O-O Bc5 5. b4 Bxb4 6. c3 Na5 7. Bxf7+ Kxf7 8.
cxb4 Nc4 9. d3 Nb6 10. Nxe5+ Kf8 11. Bb2 d6 12. Nf3 Bg4 13. Nc3 c5 14. bxc5 dxc5
15. h3 Bxf3 16. Qxf3 Nd7 17. Nd5 Rg8 18. Nxf6 gxf6 19. e5 Rg6 20. exf6 Nxf6 21.
Rfe1 Qd5 22. Qxd5 Nxd5 23. Re5 Nb4 24. Rxc5 Nxd3 25. Rf5+ Kg8 26. Bd4 Rf8 27.
Rxf8+ Kxf8 28. Bxa7 Ra6 29. Be3 Rc6 30. Rb1 Rc2 31. Rxb7 Kg8 32. a4 Re2 33. a5
Re1+ 34. Kh2 h5 35. a6 Ra1 36. a7 Rxa7 37. Rxa7 h4 38. f4 Kf8 39. g3 hxg3+ 40.
Kxg3 Nb4 41. Bc5+ Ke8 42. Bxb4 Kd8 43. h4 Kc8 44. h5 Kb8 45. Bc5 Kc8 46. h6 Kb8
47. h7 Kc8 48. h8=Q# 1-0

[Event "AUTO-ADV-4857"]
[Site "http://www.queenalice.com/game.php?id=1860554"]
[Date "2025.7.25"]
[Round "2"]
[White "profeta"]
[Black "askasl159"]
[Result "0-1"]
[WhiteElo "1718"]
[BlackElo "1920"]

1. e4 e5 2. d4 exd4 3. Qxd4 Nc6 4. Qd1 g6 5. Nc3 Bg7 6. Nf3 Nge7 7. Nd5 O-O 8.
Nxe7+ Nxe7 9. Bc4 b6 10. Bg5 Bb7 11. e5 d5 12. Bxe7 Qxe7 13. Bxd5 Rad8 14. Bxf7+
Rxf7 15. Qe2 Bxf3 16. gxf3 Rf5 17. Qc4+ Kh8 18. O-O Rxf3 19. Qg4 Rdf8 20. Rae1
Qc5 21. Kh1 Rxf2 22. Rxf2 Qxf2 23. Qg1 Qxc2 24. Qg2 Rf2 25. Qa8+ Rf8 26. Qg2 Qf5
27. Rf1 Qxf1+ 28. Qxf1 Rxf1+ 29. Kg2 Re1 30. e6 Bxb2 31. e7 c5 32. e8=Q+ Rxe8
33. a4 c4 34. h4 c3 35. h5 c2 36. hxg6 c1=Q 37. gxh7 Qg5+ 38. Kf3 Bc1 39. a5
Re3+ 40. Kf2 Qg3+ 41. Kf1 Re1# 0-1

[Event "AUTO-ADV-4857"]
[Site "http://www.queenalice.com/game.php?id=1860555"]
[Date "2025.7.25"]
[Round "2"]
[White "askasl159"]
[Black "profeta"]
[Result "1-0"]
[WhiteElo "1906"]
[BlackElo "1691"]

1. e4 e5 2. f4 exf4 3. Nf3 Nc6 4. d4 d5 5. e5 Bg4 6. Be2 Nxd4 7. Nxd4 Bxe2 8.
Qxe2 Ne7 9. O-O Ng6 10. Bxf4 Bc5 11. Be3 Bxd4 12. Bxd4 Qe7 13. Nc3 O-O 14. Nxd5
Qd7 15. c4 Ne7 16. Qe4 Nxd5 17. cxd5 f5 18. Qf3 g6 19. e6 Qa4 20. Bc3 Qe4 21.
Qxe4 fxe4 22. Be5 Rxf1+ 23. Rxf1 Rd8 24. Rd1 e3 25. Bxc7 Rc8 26. e7 Rxc7 27. d6
e2 28. e8=Q+ Kg7 29. Re1 Kh6 30. dxc7 Kh5 31. c8=Q b5 32. Qh3+ Kg5 33. Qe5# 1-0

[Event "AUTO-ADV-4857"]
[Site "http://www.queenalice.com/game.php?id=1860556"]
[Date "2025.7.25"]
[Round "2"]
[White "profeta"]
[Black "SGF"]
[Result "0-1"]
[WhiteElo "1703"]
[BlackElo "1756"]

1. e4 e5 2. Nf3 Qf6 3. Nc3 c6 4. d4 Bd6 5. dxe5 Bxe5 6. Nxe5 d6 7. Ng4 Qg6 8. e5
Bxg4 9. f3 Be6 10. exd6 Nd7 11. Be3 Ngf6 12. g4 Bd5 13. Nxd5 Nxd5 14. Qd3 Qxd6
15. Qe4+ Ne7 16. Rd1 Qc7 17. Bh3 Ne5 18. Bd4 f6 19. Bxe5 Qxe5 20. Qxe5 fxe5 21.
O-O O-O 22. Rd7 Ng6 23. Rxb7 Nf4 24. Bg2 a5 25. Rb6 c5 26. a4 Rfd8 27. Rb5 Rd5
28. c4 Rd2 29. Rf2 Rxf2 30. Kxf2 g5 31. Rb6 Kg7 32. Rb7+ Kg6 33. Ke3 Nxg2+ 34.
Ke4 Nf4 35. Kxe5 Rd8 36. Rb6+ Kf7 37. Rb7+ Kg8 38. Kf6 Rd6+ 39. Kxg5 Ne6+ 40.
Kf5 Ng7+ 41. Ke5 Rd2 42. Rb8+ Kf7 43. Rb7+ Kf8 44. Rb8+ Ke7 45. Rb7+ Kf8 46.
Rb8+ Ne8 47. h4 Kf7 48. Rb7+ Kg8 49. Ke6 Nd6 50. Rb8+ Kg7 51. Rd8 Nxc4 52. Rd7+
Rxd7 53. Kxd7 Nxb2 54. Kc6 c4 55. h5 c3 56. g5 c2 57. f4 c1=Q+ 58. Kb5 Qxf4 59.
h6+ Kg6 60. Kxa5 Qxa4+ 61. Kb6 Nc4+ 62. Kc5 Kxg5 63. Kd5 Kxh6 64. Kc5 Kg5 65.
Kd5 Ne3+ 66. Ke6 Qd4 67. Kf7 Qf6+ 68. Kg8 h5 69. Kh7 Nd5 70. Kg8 Ne7+ 71. Kh7
Qg6+ 72. Kh8 Qg8# 0-1

[Event "AUTO-ADV-4857"]
[Site "http://www.queenalice.com/game.php?id=1860557"]
[Date "2025.7.25"]
[Round "2"]
[White "SGF"]
[Black "profeta"]
[Result "0-1"]
[WhiteElo "1770"]
[BlackElo "1671"]

1. e4 e5 2. Qf3 Nf6 3. d3 Nc6 4. c3 d5 5. Be2 Bg4 6. Qg3 Bxe2 7. Nxe2 d4 8. Bg5
h6 9. Bxf6 Qxf6 10. O-O Qg5 11. Na3 Qxg3 12. Nxg3 g6 13. b4 dxc3 14. Nb5 O-O-O
15. Nxc3 Bxb4 16. Nd5 Bc5 17. Nf6 Rxd3 18. Rac1 Be7 19. Nd5 Bg5 20. Rcd1 Rxd1
21. Rxd1 h5 22. Ne2 Ne7 23. Nxe7+ Bxe7 24. Nc3 Rd8 25. Nd5 Bc5 26. a4 c6 27. Nc3
Rxd1+ 28. Nxd1 b5 29. axb5 cxb5 30. Nc3 b4 31. Na4 b3 32. h4 Bd4 33. Kf1 Kb7 34.
Ke1 Ka6 35. Kd1 Kb5 36. Nb6 Kxb6 37. Kc1 b2+ 38. Kb1 a5 39. f3 a4 40. g4 a3 41.
gxh5 gxh5 42. Ka2 Kb5 43. f4 exf4 44. e5 Bxe5 45. Kb1 f3 46. Ka2 f2 47. Kxa3
f1=Q 48. Ka2 b1=Q+ 49. Ka3 Qb2# 0-1

[Event "AUTO-ADV-4882"]
[Site "http://www.queenalice.com/game.php?id=1860986"]
[Date "2025.8.3"]
[Round "1"]
[White "askasl159"]
[Black "profeta"]
[Result "1/2-1/2"]
[WhiteElo "1944"]
[BlackElo "1686"]

1. e4 e5 2. f4 exf4 3. Nf3 Nc6 4. d4 Nf6 5. Nc3 Bb4 6. Bd3 Bxc3+ 7. bxc3 d6 8.
Bxf4 Bg4 9. O-O Nh5 10. h3 Nxf4 11. hxg4 Ne7 12. c4 O-O 13. e5 d5 14. Ng5 Nfg6
15. cxd5 Nxd5 16. Qf3 Qxg5 17. Qxd5 Qe7 18. Bxg6 hxg6 19. Qxb7 f6 20. Qd5+ Kh7
21. e6 Rad8 22. Qc4 Rd6 23. d5 g5 24. Rf3 Rb6 25. Rb3 Rxb3 26. cxb3 a5 27. Qc6
f5 28. gxf5 Rxf5 29. Rf1 Rxf1+ 30. Kxf1 Qf6+ 31. Kg1 Qa1+ 32. Kh2 Qe5+ 33. Kh3
Qf5+ 34. Kh2 Qf4+ 35. g3 Qf2+ 36. Kh3 Qf5+ 37. Kg2 Qe4+ 38. Kf2 g4 39. Qc4 Qf3+
40. Ke1 Qxg3+ 41. Kd2 Qh2+ 42. Kc3 Qg3+ 43. Qd3+ Qxd3+ 44. Kxd3 g3 45. Ke3 g2
46. Kf2 g1=Q+ 47. Kxg1 Kg8 48. Kg2 Kf8 49. Kf3 Ke7 50. Kg4 c6 51. dxc6 Kxe6 52.
a3 Kd6 53. b4 axb4 54. axb4 Kxc6 55. Kg5 Kb5 56. Kg6 Kxb4 57. Kxg7 Kc5 58. Kf7
1/2-1/2

[Event "AUTO-ADV-4882"]
[Site "http://www.queenalice.com/game.php?id=1860987"]
[Date "2025.8.3"]
[Round "1"]
[White "profeta"]
[Black "askasl159"]
[Result "0-1"]
[WhiteElo "1710"]
[BlackElo "1928"]

1. e4 e5 2. d4 d6 3. dxe5 Nc6 4. Nf3 dxe5 5. Qxd8+ Nxd8 6. Nc3 Nc6 7. Nd5 Bd6 8.
Bb5 Ne7 9. Bxc6+ Nxc6 10. O-O O-O 11. a3 Be6 12. Ng5 Bxd5 13. exd5 Nd4 14. Ne4
Nxc2 15. Rb1 Nd4 16. b4 f5 17. Nxd6 cxd6 18. Bg5 Rf7 19. b5 h6 20. Be3 Nc2 21.
Bd2 Nxa3 22. Rb3 Nc4 23. Rd1 Nxd2 24. Rxd2 a6 25. bxa6 bxa6 26. Rdb2 Rc7 27. g3
Rc5 28. Rb8+ Rxb8 29. Rxb8+ Kf7 30. Rb7+ Kf6 31. Rb6 Rxd5 32. Rxa6 f4 33. gxf4
exf4 34. Kg2 g5 35. Ra8 Kf5 36. Rf8+ Kg4 37. Rh8 f3+ 38. Kf1 Rd1# 0-1

[Event "AUTO-ADV-4882"]
[Site "http://www.queenalice.com/game.php?id=1861000"]
[Date "2025.8.3"]
[Round "1"]
[White "Daniel1962"]
[Black "profeta"]
[Result "1-0"]
[WhiteElo "1719"]
[BlackElo "1715"]

1. c4 e5 2. Nf3 Nc6 3. d4 e4 4. Ne5 Nxe5 5. dxe5 h6 6. e3 Bb4+ 7. Bd2 Bxd2+ 8.
Nxd2 d5 9. cxd5 Qxd5 10. Bc4 Qd7 11. Qe2 Ne7 12. Nxe4 O-O 13. Qf3 Qf5 14. Qxf5
Nxf5 15. O-O-O Be6 16. Bxe6 fxe6 17. g4 Nh4 18. f4 Ng2 19. Rd3 Rad8 20. Rxd8
Rxd8 21. Nc5 Nxe3 22. Nxe6 Rd5 23. Nxc7 Rc5+ 24. Kd2 Nxg4 25. h3 Nf2 26. Rh2
Ne4+ 27. Kd3 Rxc7 28. Kxe4 Rc4+ 29. Kd5 Rxf4 30. e6 Rf5+ 31. Kd6 Rf6 32. Kd7 b5
33. e7 Rf7 34. Re2 Kh7 35. Kd8 Rf3 36. e8=Q Rd3+ 37. Kc7 Rxh3 38. Re7 Rg3 39.
Qxb5 Rg5 40. Qd3+ Kg8 41. Re8+ Kf7 42. Qd7+ Kg6 43. Rg8 Rc5+ 44. Kb7 Rc2 45.
Qxg7+ Kh5 46. Qg4# 1-0

[Event "AUTO-ADV-4882"]
[Site "http://www.queenalice.com/game.php?id=1861001"]
[Date "2025.8.3"]
[Round "1"]
[White "profeta"]
[Black "Daniel1962"]
[Result "1-0"]
[WhiteElo "1704"]
[BlackElo "1720"]

1. e4 e5 2. Nf3 d6 3. Nc3 Bg4 4. h3 Bxf3 5. Qxf3 Nf6 6. Nd5 Nxd5 7. exd5 a6 8.
c3 Be7 9. d4 exd4 10. cxd4 c5 11. dxc5 dxc5 12. Bg5 f6 13. Bf4 Qb6 14. Qh5+ g6
15. Qe2 Qb4+ 16. Bd2 Qxb2 17. Rc1 Nd7 18. d6 Qe5 19. dxe7 Kxe7 20. Qxe5+ Nxe5
21. Rxc5 Rae8 22. Rc7+ Kd8 23. Rxb7 Nc4+ 24. Kd1 Nxd2 25. Bxa6 Ne4 26. Kc1 Nxf2
27. Rf1 Ne4 28. Rd1+ Kc8 29. Rxh7+ Kb8 30. Rb7+ Ka8 31. Rg7 g5 32. Bb7+ Kb8 33.
Bxe4 Rxe4 34. Rdd7 Rc8+ 35. Kd2 Ra4 36. Rb7+ Ka8 37. Ke2 Rxa2+ 38. Kf3 Rc3+ 39.
Kg4 Rxg2+ 40. Kf5 Rf2+ 41. Kg6 Ra3 42. Rbf7 Rxh3 43. Rg8# 1-0

[Event "AUTO-ADV-4882"]
[Site "http://www.queenalice.com/game.php?id=1861008"]
[Date "2025.8.3"]
[Round "1"]
[White "Carlos19"]
[Black "profeta"]
[Result "1-0"]
[WhiteElo "1638"]
[BlackElo "1689"]

1. e4 e5 2. Nf3 Nc6 3. Bc4 Nf6 4. d3 Nd4 5. Na3 Bxa3 6. bxa3 d5 7. exd5 Nxd5 8.
Nxe5 Nc3 9. Qh5 Nxc2+ 10. Kf1 g6 11. Bxf7+ Ke7 12. Bg5+ Kd6 13. Nc4+ Kc6 14.
Qf3+ Kb5 15. Bxd8 Bf5 16. Qxb7+ Kc5 17. Qxc7+ Kd4 18. Bf6+ Kxd3 19. Nb2+ Ke4 20.
Qe5# 1-0

[Event "AUTO-ADV-4882"]
[Site "http://www.queenalice.com/game.php?id=1861009"]
[Date "2025.8.3"]
[Round "1"]
[White "profeta"]
[Black "Carlos19"]
[Result "1-0"]
[WhiteElo "1691"]
[BlackElo "1625"]

1. e4 e5 2. d4 exd4 3. Qxd4 Nc6 4. Qd1 d6 5. Nc3 f5 6. Nf3 Qe7 7. Nd5 Qxe4+ 8.
Qe2 Qxe2+ 9. Bxe2 Kd7 10. Bb5 a6 11. Bxc6+ Kxc6 12. Nb4+ Kb6 13. Be3+ c5 14. O-O
Kb5 15. Nd5 Kc6 16. c4 b5 17. Nc3 bxc4 18. Rad1 Nf6 19. h3 h6 20. Nd2 d5 21. Na4
Ne4 22. Nxe4 fxe4 23. f3 Bf5 24. g4 Bg6 25. f4 d4 26. f5 dxe3 27. Rf4 Bh7 28.
Rxe4 Kb5 29. Nc3+ Kb4 30. Rxe3 a5 31. a3+ Kb3 32. Nd5+ Kxb2 33. Rd2+ Kc1 34. Rh2
Bd6 35. Re1# 1-0

[Event "AUTO-OPEN-4611"]
[Site "http://www.queenalice.com/game.php?id=1862008"]
[Date "2025.8.24"]
[Round "1"]
[White "chessman"]
[Black "profeta"]
[Result "1-0"]
[WhiteElo "1967"]
[BlackElo "1658"]

1. e4 e5 2. Nf3 Nc6 3. Bb5 a6 4. Bxc6 dxc6 5. Nxe5 Nf6 6. d3 Qd4 7. Nf3 Qd6 8.
O-O Bg4 9. Re1 Bxf3 10. Qxf3 Qd4 11. Nc3 Bc5 12. Be3 Qb4 13. Bxc5 Qxc5 14. Qg3
g6 15. Qxc7 O-O 16. Qf4 Nh5 17. Qe3 Qxe3 18. Rxe3 b5 19. Rae1 f5 20. exf5 gxf5
21. Re7 f4 22. Rc7 f3 23. g3 b4 24. Na4 Rac8 25. Rxc8 Rxc8 26. Nc5 Rb8 27. Nxa6
Ra8 28. Nxb4 c5 29. Nd5 Rxa2 30. Rb1 Kf7 31. Nb6 Ra6 32. Nc4 Re6 33. Ne3 Nf6 34.
Ra1 Re5 35. Ra7+ Kg6 36. Ra6 h5 37. h3 Kf7 38. Kh2 c4 39. dxc4 Re8 40. g4 hxg4
41. hxg4 Ne4 42. Kg1 Rd8 43. Ra5 Rd4 44. Rd5 Nd2 45. Rxd4 Nxc4 46. Nxc4 Kg6 47.
Rd5 Kf6 48. Re5 Kg6 49. b4 Kf6 50. b5 Kf7 51. b6 Kf6 52. b7 Kf7 53. b8=Q Kg7 54.
Rf5 Kg6 55. Qg8+ Kh6 56. Rf6# 1-0

[Event "AUTO-OPEN-4611"]
[Site "http://www.queenalice.com/game.php?id=1862009"]
[Date "2025.8.24"]
[Round "1"]
[White "profeta"]
[Black "chessman"]
[Result "0-1"]
[WhiteElo "1689"]
[BlackElo "2057"]

1. e4 e6 2. d4 d5 3. e5 c5 4. Bb5+ Bd7 5. Bxd7+ Qxd7 6. Nf3 Nc6 7. Nc3 cxd4 8.
Nb5 Bc5 9. Nd6+ Bxd6 10. exd6 Qxd6 11. b3 Nf6 12. a3 e5 13. c4 dxc3 14. O-O O-O
15. Qd3 e4 16. Qxc3 exf3 17. Qxf3 Rfe8 18. Bf4 Qd7 19. Qh3 Qxh3 20. gxh3 Re4 21.
b4 Rxf4 22. Rae1 Ne4 23. Rd1 Rd8 24. f3 Nf6 25. b5 Ne5 26. Rc1 Rxf3 27. Rxf3
Nxf3+ 28. Kg2 Ne5 29. Rc7 Rb8 30. a4 Kf8 31. a5 d4 32. a6 bxa6 33. bxa6 Ra8 34.
Rc5 Ng6 35. Kf3 Rd8 36. Rc7 d3 37. Rxa7 d2 38. Rc7 d1=Q+ 39. Kf2 Rd2+ 40. Kg3
Nh5# 0-1

[Event "AUTO-OPEN-4611"]
[Site "http://www.queenalice.com/game.php?id=1862028"]
[Date "2025.8.24"]
[Round "1"]
[White "MMA34"]
[Black "profeta"]
[Result "1-0"]
[WhiteElo "2135"]
[BlackElo "1699"]

1. e4 e5 2. Nf3 Nc6 3. Bb5 a6 4. Ba4 Nf6 5. O-O b5 6. Bb3 Nxe4 7. Re1 d5 8. d3
Nf6 9. Nxe5 Nxe5 10. Rxe5+ Be6 11. Bg5 h6 12. Bh4 g5 13. Bg3 Bd6 14. Re1 Bxg3
15. hxg3 O-O 16. Nd2 g4 17. a4 b4 18. c4 d4 19. Re5 Nd7 20. Rh5 Kh7 21. Ne4 Nf6
22. Ng5+ Kg6 23. Nxe6 Qd6 24. Nf4+ Kh7 25. c5 Qe7 26. Rh1 Rae8 27. Qd2 Qxc5 28.
Ne2 Qe5 29. Qxh6+ Kg8 30. Qh8# 1-0

[Event "AUTO-OPEN-4611"]
[Site "http://www.queenalice.com/game.php?id=1862029"]
[Date "2025.8.24"]
[Round "1"]
[White "profeta"]
[Black "MMA34"]
[Result "0-1"]
[WhiteElo "1671"]
[BlackElo "2141"]

1. e4 c5 2. Nc3 Nc6 3. Nf3 e6 4. d4 cxd4 5. Nxd4 a6 6. Nxc6 bxc6 7. a3 Bc5 8.
Na4 Ba7 9. Be3 Bxe3 10. fxe3 Qa5+ 11. Nc3 Bb7 12. b4 Qb6 13. Qd4 Qxd4 14. exd4
d5 15. exd5 cxd5 16. Na4 Bc6 17. Nb6 Ra7 18. a4 Ne7 19. c4 Rb7 20. b5 Rxb6 21.
bxc6 Rxc6 22. c5 O-O 23. g3 Rb8 24. Kf2 Nf5 25. Rd1 Rb4 26. a5 Nxd4 27. Bh3 Rxc5
28. Rb1 Rc2+ 29. Ke3 Rcc4 30. Bf1 Nf5+ 31. Kf3 Rxb1 32. Bxc4 Rxh1 33. Bxa6 Ra1
34. Kf4 Rxa5 35. Bc8 Kf8 36. g4 Nd6 37. Bd7 Ke7 38. Bc6 d4 39. h4 e5+ 40. Kg5 d3
41. h5 e4+ 42. Kf4 d2 43. Bxe4 d1=Q 44. Bxh7 Qf1+ 45. Kg3 f6 46. Kh4 Ra3 47. g5
Qf4# 0-1

[Event "AUTO-ADV-4889"]
[Site "http://www.queenalice.com/game.php?id=1862261"]
[Date "2025.8.30"]
[Round "1"]
[White "Fauquinelle"]
[Black "profeta"]
[Result "1-0"]
[WhiteElo "1965"]
[BlackElo "1680"]

1. e4 e5 2. Nf3 Nc6 3. Bb5 a6 4. Ba4 Nf6 5. O-O b5 6. Bb3 Nxe4 7. Re1 d5 8. d3
Bg4 9. dxe4 dxe4 10. Qxd8+ Rxd8 11. Ng5 Kd7 12. Nxf7 Bb4 13. c3 Rhf8 14. Nxd8
Kxd8 15. cxb4 Nxb4 16. Rxe4 Nd3 17. Be3 Bf5 18. Bg5+ Kc8 19. Re2 h6 20. Be3 Nxb2
21. Rxb2 Rd8 22. Nc3 g5 23. Rd1 Rxd1+ 24. Nxd1 a5 25. Bd5 b4 26. f3 e4 27. fxe4
Bg4 28. Nf2 Kd7 29. Nxg4 c6 30. Bc4 Kd6 31. Rd2+ Kc7 32. Bc5 h5 33. Nf6 g4 34.
Rd7+ Kc8 35. Ba6+ Kb8 36. Bb6 c5 37. Rd8# 1-0

[Event "AUTO-ADV-4889"]
[Site "http://www.queenalice.com/game.php?id=1862262"]
[Date "2025.8.30"]
[Round "1"]
[White "profeta"]
[Black "Fauquinelle"]
[Result "0-1"]
[WhiteElo "1685"]
[BlackElo "1960"]

1. e4 d5 2. e5 Bf5 3. Nf3 e6 4. d4 c5 5. Bb5+ Nc6 6. Bxc6+ bxc6 7. Nc3 Bg4 8. h3
Bxf3 9. Qxf3 cxd4 10. Na4 Qa5+ 11. Nc3 dxc3 12. Qxc3 Bb4 13. Qxb4 Qxb4+ 14. c3
Qe4+ 15. Be3 Qxe5 16. O-O Nf6 17. Bd4 Qf5 18. f3 O-O 19. Rae1 Nd7 20. g4 Qd3 21.
Kg2 f6 22. Rxe6 c5 23. Rd6 Rad8 24. Rxd5 cxd4 25. Rxd4 Qb5 26. Rb4 Qd5 27. c4
Qd2+ 28. Kg3 Qxb4 29. b3 Nc5 30. Rf2 Rd2 31. Rxd2 Qxd2 32. h4 Nd3 33. g5 Qf2+
34. Kg4 f5+ 35. Kh5 Nf4# 0-1

[Event "AUTO-ADV-4889"]
[Site "http://www.queenalice.com/game.php?id=1862279"]
[Date "2025.8.30"]
[Round "1"]
[White "profeta"]
[Black "Capixabba789"]
[Result "0-1"]
[WhiteElo "1687"]
[BlackElo "1915"]

1. e4 e5 2. Nc3 d6 3. Nf3 Bg4 4. h3 Bh5 5. g4 Bg6 6. d4 exd4 7. Qxd4 a6 8. Ng5
Nf6 9. e5 Qe7 10. Nd5 Nxd5 11. Qxd5 c6 12. Qxd6 Qxd6 13. exd6 Bxd6 14. Bc4 Nd7
15. Bxf7+ Bxf7 16. Nxf7 Kxf7 17. O-O Rhe8 18. b3 Re2 19. Bb2 Bc5 20. Rad1 Rd8
21. Bd4 Rxc2 22. Rc1 Rxc1 23. Rxc1 Bxd4 24. Rc4 c5 25. b4 Ne5 26. Rc2 b6 27.
bxc5 Bxc5 28. Rc4 Nxc4 29. a4 a5 30. Kg2 Rd2 31. Kg3 Ra2 32. f4 Rxa4 33. f5 Rb4
34. g5 a4 35. Kh4 Ne3+ 36. Kh5 Nxf5 37. g6+ Kf6 38. gxh7 Rh4# 0-1

[Event "AUTO-ADV-4889"]
[Site "http://www.queenalice.com/game.php?id=1862280"]
[Date "2025.8.30"]
[Round "1"]
[White "Capixabba789"]
[Black "profeta"]
[Result "1-0"]
[WhiteElo "1907"]
[BlackElo "1695"]

1. d4 d5 2. Nc3 Nf6 3. f4 Nc6 4. Nf3 Bg4 5. e3 e6 6. Bd3 Bb4 7. Bd2 a6 8. O-O
O-O 9. Qe1 Bxf3 10. Rxf3 Bxc3 11. Bxc3 b5 12. a3 Na5 13. Bxa5 Nh5 14. Rh3 Nf6
15. Qg3 g6 16. f5 exf5 17. Bxc7 Qe7 18. Bd6 Qd7 19. Bxf8 Kxf8 20. Qh4 Ke7 21.
Re1 Qe6 22. Qf4 Nh5 23. Rxh5 gxh5 24. Bxf5 Qf6 25. e4 Qxd4+ 26. Kh1 dxe4 27.
Rxe4+ Qxe4 28. Qxe4+ Kf6 29. Qxa8 Kxf5 30. Qxa6 h4 31. Qxb5+ Kf4 32. a4 f5 33.
a5 h5 34. a6 Kg4 35. a7 h3 36. gxh3+ Kxh3 37. a8=Q h4 38. Qxf5# 1-0

[Event "AUTO-ADV-4889"]
[Site "http://www.queenalice.com/game.php?id=1862281"]
[Date "2025.8.30"]
[Round "1"]
[White "profeta"]
[Black "Connor"]
[Result "0-1"]
[WhiteElo "1680"]
[BlackElo "1865"]

1. e4 e5 2. Nf3 d6 3. Nc3 Be7 4. d4 exd4 5. Qxd4 Nf6 6. e5 Nc6 7. Qd1 Nxe5 8.
Nxe5 dxe5 9. Qxd8+ Bxd8 10. Bg5 c6 11. Bxf6 Bxf6 12. Ne4 Be7 13. O-O-O O-O 14.
h3 a5 15. Bc4 b5 16. Bd3 Be6 17. f3 a4 18. a3 b4 19. axb4 Bxb4 20. c3 Be7 21. g4
c5 22. h4 a3 23. bxa3 Rxa3 24. Kd2 Rd8 25. Ra1 Rxa1 26. Rxa1 c4 27. Ra7 Bxh4 28.
Nc5 cxd3 29. Nxd3 Bc4 30. Ke3 Bxd3 31. Ra3 Bg5+ 32. Kf2 e4 33. fxe4 Bxe4 34. Ra5
h6 35. Ra4 f5 36. gxf5 Bxf5 37. Ra5 g6 38. c4 h5 39. Re5 h4 40. c5 h3 41. Kg3
Kg7 42. Re2 Rd3+ 43. Kf2 Rd2 44. Rxd2 Bxd2 45. c6 g5 46. Ke2 Bf4 47. Kd1 h2 48.
Ke1 h1=Q+ 49. Kf2 Qe4 50. c7 Qe3+ 51. Kg2 Qe2+ 52. Kh1 Be4+ 53. Kg1 Qg2# 0-1

[Event "AUTO-ADV-4889"]
[Site "http://www.queenalice.com/game.php?id=1862282"]
[Date "2025.8.30"]
[Round "1"]
[White "Connor"]
[Black "profeta"]
[Result "1-0"]
[WhiteElo "1837"]
[BlackElo "1727"]

1. d4 d5 2. e3 Nf6 3. c4 Nc6 4. Nf3 Bg4 5. cxd5 Qxd5 6. Nc3 Qd8 7. Be2 Bxf3 8.
Bxf3 e5 9. dxe5 Qxd1+ 10. Nxd1 Bb4+ 11. Nc3 Nxe5 12. Be2 O-O 13. O-O Bxc3 14.
bxc3 Nd5 15. Bb2 Ng6 16. Bf3 c6 17. Rfd1 Nh4 18. Bxd5 cxd5 19. Rxd5 h6 20. c4 b6
21. Rd7 a5 22. Rad1 f5 23. Rxg7+ Kh8 24. Rg4+ Kh7 25. Rd7+ Rf7 26. Rxf7# 1-0